World History for Nerds #4 - Statistics

General Stats
  • This quiz has been taken 55 times
  • The average score is 9 of 15
Answer Stats
Hint Answer % Correct
In the 20th century, which of these European cities was divided by a wall for almost 30 years? Berlin
94%
Mormons founded which American city in 1847? Salt Lake City
94%
In 1960 the capital of Brazil moved to Brasília, what was it before? Rio de Janeiro
90%
What was the name of the leader of the Soviet Union until his death in 1953? Josef Stalin
86%
The 1996 Olympic Games were held in which US city? Atlanta
76%
Woodstock Festival took place in which year? 1969
67%
The first James Bond movie was released in which year? 1962
65%
Which country won the 2010 FIFA World Cup? Spain
61%
The Eisenhower Doctrine was proclaimed in which year? 1957
55%
How many terms did Porfirio Diaz serve as Mexican leader? 7
55%
The Diamond Jubilee of Queen Elizabeth II took place in what year? 2012
51%
Mahatma Gandhi died in which year? 1948
47%
In 2014, which Spanish king stepped down? Juan Carlos I
29%
Lyndon B. Johnson defeated who in the 1964 Presidential election? Barry Goldwater
20%
What was Malcolm X's surname at birth? Little
10%
No matching quizzes found
Score Distribution
Percent of People with Each Score
Percentile by Number Answered
Your Score History
You have not taken this quiz